Biblioteka Instytutu Północnego w Olsztynie

Widok standardowy Widok MARC

Pozycja Topical Term

Liczba rekordów, w których użyto hasła: 1

001 - Numer kontrolny

  • control field: 39041

003 - Identyfikator numeru kontrolnego

  • control field: NUKAT

005 - Data i czas ostatniej modyfikacji

  • control field: 20260327112336.0

008 - Dane kontrolne kodowane (40 znaków)

  • fixed length control field: 050120n||azznnbabn |a ana |

010 ## - Numer kontrolny Biblioteki Kongresu

  • numer kontrolny LC: p 2004306569

035 ## - Numer systemowy

  • numer systemowy: a10067139

035 ## - Numer systemowy

  • numer systemowy: (PL)a0000001006713

040 ## - Instytucja sporządzająca rekord

  • inst. przygot. dane do rek. khw: WA N
  • język haseł przedmiotowych/tezaurus: DBN
  • inst. wprow. rek. khw: WA N

072 ## - Kod kategorii przedmiotu

  • kod kategorii przedmiotu: 23

150 ## - Hasło - nazwa pospolita

  • nazwa posp. lub nazwa geogr. na pocz.: Nagroda Nobla

450 ## - Trop zob. - nazwa pospolita

  • nazwa posp. lub nazwa geogr. na pocz.: Nagrody Nobla

450 ## - Trop zob. - nazwa pospolita

  • nazwa posp. lub nazwa geogr. na pocz.: Nobelpriset

450 ## - Trop zob. - nazwa pospolita

  • nazwa posp. lub nazwa geogr. na pocz.: Nobel Prize

500 1# - Trop zob. też - nazwa osobowa

  • nazwa osobowa (nazwisko, imiona): Nobel, Alfred
  • daty biograficzne: (1833-1896)

550 ## - Trop zob. też - nazwa pospolita

  • podpole kontrolne: g
  • nazwa posp. lub nazwa geogr. na pocz.: Nagrody

550 ## - Trop zob. też - nazwa pospolita

  • nazwa posp. lub nazwa geogr. na pocz.: AntyNobel

550 ## - Trop zob. też - nazwa pospolita

  • nazwa posp. lub nazwa geogr. na pocz.: Fundacja

550 ## - Trop zob. też - nazwa pospolita

  • podpole kontrolne: h
  • nazwa posp. lub nazwa geogr. na pocz.: Literacka Nagroda Nobla

550 ## - Trop zob. też - nazwa pospolita

  • podpole kontrolne: h
  • nazwa posp. lub nazwa geogr. na pocz.: Naukowe Nagrody Nobla

550 ## - Trop zob. też - nazwa pospolita

  • podpole kontrolne: h
  • nazwa posp. lub nazwa geogr. na pocz.: Pokojowa Nagroda Nobla

682 ## - Informacja o usuniętym haśle

  • tekst wyjaśniający: zmienione z:
  • zastąpione hasło: Nagrody Nobla
Biblioteka Instytutu Północnego, ul. Partyzantów 87, 10-402 Olsztyn, email: biblioteka(at)ip.olsztyn.pl